<?xml version="1.0" encoding="UTF-8"?>
<record
    xmlns:xsi="http://www.w3.org/2001/XMLSchema-instance"
    xsi:schemaLocation="http://www.loc.gov/MARC21/slim http://www.loc.gov/standards/marcxml/schema/MARC21slim.xsd"
    xmlns="http://www.loc.gov/MARC21/slim">

  <leader>00614nam a22002057a 4500</leader>
  <controlfield tag="008">240620b        mp ||||| |||| 00| 0 mon d</controlfield>
  <datafield tag="035" ind1=" " ind2=" ">
    <subfield code="a">8308</subfield>
  </datafield>
  <datafield tag="040" ind1=" " ind2=" ">
    <subfield code="a">UM0146080</subfield>
    <subfield code="b">mon</subfield>
    <subfield code="c">MN-UlNLM</subfield>
    <subfield code="d">MN-UlNLM</subfield>
    <subfield code="e">rda</subfield>
  </datafield>
  <datafield tag="041" ind1=" " ind2=" ">
    <subfield code="a">mon</subfield>
  </datafield>
  <datafield tag="042" ind1=" " ind2=" ">
    <subfield code="a">16575</subfield>
  </datafield>
  <datafield tag="084" ind1=" " ind2=" ">
    <subfield code="2">NNA</subfield>
    <subfield code="a">84/7&#x41A;&#x43E;&#x43B;/</subfield>
    <subfield code="b">&#x41C;263</subfield>
  </datafield>
  <datafield tag="100" ind1=" " ind2=" ">
    <subfield code="a">&#x41C;&#x430;&#x440;&#x43A;&#x435;&#x441; &#x413; &#x413;</subfield>
  </datafield>
  <datafield tag="245" ind1=" " ind2="0">
    <subfield code="a">&#x417;&#x443;&#x443;&#x43D; &#x436;&#x438;&#x43B;&#x438;&#x439;&#x43D; &#x433;&#x430;&#x43D;&#x446;&#x430;&#x430;&#x440;&#x434;&#x430;&#x43B;</subfield>
  </datafield>
  <datafield tag="264" ind1=" " ind2=" ">
    <subfield code="a">&#x423;&#x43B;&#x430;&#x430;&#x43D;&#x431;&#x430;&#x430;&#x442;&#x430;&#x440;</subfield>
    <subfield code="b">&#x423;&#x43B;&#x441;&#x44B;&#x43D; &#x445;&#x44D;&#x432;&#x43B;&#x44D;&#x445; &#x4AF;&#x439;&#x43B;&#x434;&#x432;&#x44D;&#x440;</subfield>
    <subfield code="c">1989</subfield>
  </datafield>
  <datafield tag="300" ind1=" " ind2=" ">
    <subfield code="a">374&#x445;.</subfield>
  </datafield>
  <datafield tag="336" ind1=" " ind2=" ">
    <subfield code="2">rdacontent</subfield>
    <subfield code="a">text</subfield>
    <subfield code="b">txt</subfield>
  </datafield>
  <datafield tag="337" ind1=" " ind2=" ">
    <subfield code="2">rdamedia</subfield>
    <subfield code="a">unmediated</subfield>
    <subfield code="b">n</subfield>
  </datafield>
  <datafield tag="338" ind1=" " ind2=" ">
    <subfield code="2">rdacarrier</subfield>
    <subfield code="a">volume</subfield>
    <subfield code="b">nc</subfield>
  </datafield>
  <datafield tag="942" ind1=" " ind2=" ">
    <subfield code="2">NNA</subfield>
    <subfield code="c">BK</subfield>
  </datafield>
  <datafield tag="952" ind1=" " ind2=" ">
    <subfield code="0">0</subfield>
    <subfield code="1">0</subfield>
    <subfield code="4">0</subfield>
    <subfield code="6">847&#x41A;&#x41E;&#x41B;_&#x41C;263</subfield>
    <subfield code="7">0</subfield>
    <subfield code="8">UM0143</subfield>
    <subfield code="a">UM0146080</subfield>
    <subfield code="b">UM0146080</subfield>
    <subfield code="c">UM0143</subfield>
    <subfield code="d">2024-06-29</subfield>
    <subfield code="g">920.00</subfield>
    <subfield code="l">1</subfield>
    <subfield code="o">84/7&#x41A;&#x43E;&#x43B;/  &#x41C;263</subfield>
    <subfield code="p">UM0148308-3-1</subfield>
    <subfield code="r">2026-03-11</subfield>
    <subfield code="s">2026-03-11</subfield>
    <subfield code="t">75776</subfield>
    <subfield code="y">BK</subfield>
  </datafield>
  <datafield tag="952" ind1=" " ind2=" ">
    <subfield code="0">0</subfield>
    <subfield code="1">0</subfield>
    <subfield code="4">0</subfield>
    <subfield code="6">847&#x41A;&#x41E;&#x41B;_&#x41C;263</subfield>
    <subfield code="7">0</subfield>
    <subfield code="8">UM0143</subfield>
    <subfield code="a">UM0146080</subfield>
    <subfield code="b">UM0146080</subfield>
    <subfield code="c">UM0143</subfield>
    <subfield code="d">2024-06-29</subfield>
    <subfield code="g">920.00</subfield>
    <subfield code="l">0</subfield>
    <subfield code="o">84/7&#x41A;&#x43E;&#x43B;/  &#x41C;263</subfield>
    <subfield code="p">UM0148308-3-2</subfield>
    <subfield code="r">2024-06-29</subfield>
    <subfield code="t">75777</subfield>
    <subfield code="y">BK</subfield>
  </datafield>
  <datafield tag="952" ind1=" " ind2=" ">
    <subfield code="0">0</subfield>
    <subfield code="1">0</subfield>
    <subfield code="4">0</subfield>
    <subfield code="6">847&#x41A;&#x41E;&#x41B;_&#x41C;263</subfield>
    <subfield code="7">0</subfield>
    <subfield code="8">UM0143</subfield>
    <subfield code="a">UM0146080</subfield>
    <subfield code="b">UM0146080</subfield>
    <subfield code="c">UM0143</subfield>
    <subfield code="d">2024-06-29</subfield>
    <subfield code="g">920.00</subfield>
    <subfield code="l">0</subfield>
    <subfield code="o">84/7&#x41A;&#x43E;&#x43B;/  &#x41C;263</subfield>
    <subfield code="p">UM0148308-3-3</subfield>
    <subfield code="r">2024-06-29</subfield>
    <subfield code="t">75779</subfield>
    <subfield code="y">BK</subfield>
  </datafield>
  <datafield tag="952" ind1=" " ind2=" ">
    <subfield code="0">0</subfield>
    <subfield code="1">0</subfield>
    <subfield code="4">0</subfield>
    <subfield code="6">847&#x41A;&#x41E;&#x41B;_&#x41C;263</subfield>
    <subfield code="7">0</subfield>
    <subfield code="8">UM0142</subfield>
    <subfield code="a">UM0146080</subfield>
    <subfield code="b">UM0146080</subfield>
    <subfield code="c">UM0142</subfield>
    <subfield code="d">2024-06-29</subfield>
    <subfield code="g">920.00</subfield>
    <subfield code="l">0</subfield>
    <subfield code="o">84/7&#x41A;&#x43E;&#x43B;/  &#x41C;263</subfield>
    <subfield code="p">UM0148308-5-1</subfield>
    <subfield code="r">2024-06-29</subfield>
    <subfield code="t">75774</subfield>
    <subfield code="y">BK</subfield>
  </datafield>
  <datafield tag="999" ind1=" " ind2=" ">
    <subfield code="c">1012186</subfield>
    <subfield code="d">1012243</subfield>
  </datafield>
</record>
